Matemática básica 201

Gorde:
Xehetasun bibliografikoak
Egile nagusia: Giudici Espinoza, Reinaldo Horacio (autor)
Formatua: Liburua
Hizkuntza:gaztelania
Argitaratua: Valparaíso Escuela Naval Arturo Prat 1969
Gaiak:
Etiketak: Etiketa erantsi
Etiketarik gabe, Izan zaitez lehena erregistro honi etiketa jartzen!

MARC

LEADER 00000nam a2200000 a 4500
001 UCQ8370
003 CL-VaPUC
008 981209e19690000CL |||||||||||||||||spa|d
082 0 4 |a 510  |b GIU  |2 21 
100 |a Giudici Espinoza, Reinaldo Horacio  |e autor  |9 541359 
245 1 0 |a Matemática básica 201 
300 |a 227 p 
942 |c BK 
945 |d 19981209 00:00:00  |a crobeson 
260 |a Valparaíso  |b Escuela Naval Arturo Prat  |c 1969 
650 0 |a Matemática  |9 260235 
650 0 |a Metodología   |9 256610 
650 0 |a Matemáticas  |x Enseñanza  |9 875527 
583 |a last modification  |c 19981209 00:00:00  |k Rodrigo Vera 
999 |c 277655  |d 277653 
952 |0 0  |1 0  |4 0  |6 510_000000000000000_GIU_1969  |7 0  |8 A  |9 315715  |a BIBMAT  |b BIBMAT  |d 2019-11-20  |i 1301845  |o 510 GIU 1969  |p 1301845  |r 2025-01-07  |w 2019-11-20  |y BK  |k MAT